Guess the vegetable, with hints - Statistics

General Stats
  • This quiz has been taken 53 times
    52 since last reset
  • The average score is 12 of 15
Answer Stats
Hint Answer % Correct
A crunchy, orange root vegetable that's great for your eyes. carrot
97%
A vegetable that makes you cry when you cut it but adds great flavor to dishes. onion
95%
A red and juicy, round shaped vegetable. ( I know it's a fruit ) tomato
95%
A starchy tuber that can be mashed, fried, or baked and used for fries. potato
92%
A yellow vegetable that grows on a cob and is often eaten as popcorn. corn
90%
A large, round, orange vegetable used in soups, pies, and Halloween decorations. pumpkin
90%
A green vegetable that looks like little trees and is super healthy. broccoli
87%
A leafy green vegetable used in salads and sandwiches. lettuce
79%
Can be sweet or spicy, and comes in red, green, yellow, or orange colors. pepper
79%
A fungus, commonly used in cooking for its umami flavor. mushroom
74%
A creamy, green vegetable with a big seed, used in guacamole. avocado
72%
Small, round, green, and often found in pods—great in soups and salads. pea
69%
Small, oval, and usually pickled—can be green or black. olive
62%
A deep red root vegetable that can be eaten raw, cooked, or juiced. beetroot
59%
A long, green vegetable with a slightly bitter taste, often grilled or steamed. asparagus
36%
No matching quizzes found
Score Distribution
Percent of People with Each Score
Percentile by Number Answered
Your Score History
You have not taken this quiz since the last reset